00489nam a2200193Ia 4500001000700000003000500007008004100012010001100053040000900064082001900073100002000092245004400112260003200156300001900188440000500207500002800212503001100240650004400251Z_4857CHAP220113s1968 xx 000 0 und d a167911 cCHAP a636.50892 S88Y aSturkie, Paul D aFisiología aviar /cby P. D. Sturkie aZaragoza :bAcribia,c1968 a607 p. ; ilus. a aTrad. De : 2a. ed. 1968 a218251 aAvesxFisiología y morfología I. t.